000 00863nam a2200241Ia 4500
003 GCL
005 20240530102434.0
008 140319s1993 ua b b 000 0 ara d
020 _a9770301477
040 _aGCL /
_cGCL
082 0 4 _a910.02/
_bو أ
100 1 _aوالطون, كنيث
245 1 0 _aالاراضى الجافة /
_cتاليف كنيث والطون ؛ ترجمة على عبدالوهاب شاهين
260 _aالاسكندرية :
_bمنشاة المعارف،
_c1993.
300 _a267 ص. :
_bخرائط ؛
_c24 سم.
504 _aيشتمل على ارجاعات ببليوجرافية
650 0 7 _2qrmak
_aالاراضى
650 0 7 _2qrmak
_aالصحارى
650 0 7 _2qrmak
_aالجفاف
650 0 7 _2qrmak
_aالاراضى الجافة
700 0 _aعلى عبدالوهاب شاهين
_eمترجم
942 _2ddc
_cBK
999 _c32248
_d32248